Foreign Born Cabinet Secretaries Quiz Stats

 Plays Quiz not verified by Sporcle

Score 0/18 Timer 04:00
0 Plays Today
% Correct
Taiwan
85.7%
United Kingdom
85.7%
Italy
81%
Germany
76.2%
Cuba
76.2%
United Kingdom
71.4%
Czechoslovakia
71.4%
Cuba
71.4%
United Kingdom
66.7%
% Correct
Mexico
66.7%
United Kingdom
52.4%
Germany
42.9%
Great Britain
33.3%
France
33.3%
Prince Edward Island [UK]
28.6%
Bavaria
23.8%
France
14.3%
Switzerland
4.8%

You're not logged in!

Compare scores with friends on all Sporcle quizzes.
OR
Log In

Sporcle TV

Today on Sporcle TV


Watch our educational content, quiz creation guides, and fun videos on Sporcle TV.

Show Comments

Extras

Top Quizzes Today


Score Distribution

Your Account Isn't Verified!

In order to create a playlist on Sporcle, you need to verify the email address you used during registration. Go to your Sporcle Settings to finish the process.

Report this User

Report this user for behavior that violates our Community Guidelines.

Details: